Reading for understanding: toward a R and D program in reading comprehension

Guardado en:
Detalles Bibliográficos
Autor principal: Snow, Catherine E (Autor)
Formato: Libro
Lenguaje:inglés
Publicado: Santa Mónica RAND 2002
Materias:
Etiquetas: Agregar Etiqueta
Sin Etiquetas, Sea el primero en etiquetar este registro!

MARC

LEADER 00000nam a2200000 a 4500
001 UCK4969
003 CL-VaPUC
008 050708e20020000US |||||||||||||||||eng|d
020 |a 0833031058 
082 0 4 |a 428.43  |b SNO  |2 21 
100 0 |a Snow, Catherine E  |e author  |9 493624 
245 1 0 |a Reading for understanding: toward a R and D program in reading comprehension 
300 |a 156 p 
942 |c BK 
945 |d 20050708 00:00:00  |a cmena 
260 |a Santa Mónica  |b RAND  |c 2002 
650 0 |a Comprensión de lectura  |9 307588 
650 0 |a Investigación lingüística  |9 329785 
650 0 |a Lengua inglesa  |9 318842 
583 |a last modification  |c 20050708 00:00:00  |k Rodrigo Vera 
999 |c 313669  |d 313667 
952 |0 0  |1 0  |4 0  |6 428_430000000000000_SNO_2002  |7 0  |8 A  |9 385152  |a FDOPOS  |b FDOPOS  |d 2019-11-22  |i 4143418  |o 428.43 SNO 2002  |p 4143418  |r 2025-01-22  |w 2019-11-22  |y BK  |k MLA